000 00741nam a2200181Ia 4500
003 GCL
008 140319s9999 xx 000 0 ara d
040 _aGCL /
_cGCL
082 0 4 _a811.4
_bا ا
100 1 _aعمر ابوالنصر
245 1 0 _aاللزوميات او لزوم ما لا يلزم لابى العلاء المعرى: شاعر الفلاسفة وفيلسوف الشعراء (هدية من الاديب عبدالفتاح الجمل) /
_cعمر ابوالنصر
700 1 _aابوالعلاء المعرى
300 _a242 ص
490 _aالهيئة العامة للاستعلامات
_v0
650 0 4 _aالشعر العربى - تاريخ ونقد
650 0 4 _aابوالعلاء المعرى
942 _2ddc
_cBK
999 _c47608
_d47608